Trend top reštaurácie sprievodca svetom slovenskej gastronómie ...
| Other Authors: | , , |
|---|---|
| Format: | Serial |
| Language: | Slovak English |
| PhysicalDescription: | zv. obr. 21 cm |
| Published: |
Bratislava
Trend Holding
[2001]-
|
| ISBN: | 8096885316 (brož. : r. 2004) 8096885340 (brož. : r. 2006) 8096885359 (brož. : r. 2007) 9788096885367 (brož. : r. 2008) 9788089357017 (brož. : r. 2009) 8096885308 (brož. : r. 2003) 8096885324 (brož. : r. 2005) 9788089357024 (brož. : r. 2010) 9788089357055 (brož. : r. 2011) 9788089357079 (brož. : r. 2012) |
| Subjects: |
MARC
| LEADER | 00000cas a2200000 a 4500 | ||
|---|---|---|---|
| 001 | vtls008626353 | ||
| 003 | SK-MaSNL | ||
| 005 | 20260425194353.0 | ||
| 008 | 060227c20019999xo ar 0 b0slo | ||
| 015 | |a SNBE2004/04-01803 (r. 2002) |a SNBE2005/01-00031 (r. 2004) | ||
| 020 | |a 8096885316 (brož. : r. 2004) | ||
| 020 | |a 8096885340 (brož. : r. 2006) | ||
| 020 | |a 8096885359 (brož. : r. 2007) | ||
| 020 | |a 9788096885367 (brož. : r. 2008) | ||
| 020 | |a 9788089357017 (brož. : r. 2009) | ||
| 020 | |a 8096885308 (brož. : r. 2003) | ||
| 020 | |a 8096885324 (brož. : r. 2005) | ||
| 020 | |a 9788089357024 (brož. : r. 2010) | ||
| 020 | |a 9788089357055 (brož. : r. 2011) | ||
| 020 | |a 9788089357079 (brož. : r. 2012) | ||
| 040 | |a SNK |b slo |c SNK |e AACR2 | ||
| 041 | 0 | |a slo |a eng | |
| 043 | |a e-xo--- | ||
| 044 | |a xo |c SK | ||
| 072 | 7 | |a 640.4 |x Hotelierstvo. Stravovanie |2 konspekt | |
| 080 | |a (437.6) |2 2011 | ||
| 080 | |a 640.412 |2 2011 | ||
| 080 | |a 640.43 |2 2011 | ||
| 080 | |a (036) |2 2011 | ||
| 080 | |a 050 |2 2011 | ||
| 245 | 0 | 0 | |a Trend top reštaurácie |b sprievodca svetom slovenskej gastronómie ... |
| 246 | 1 | 1 | |a Slovak Restaurant and Hotel Guide |
| 246 | 1 | 1 | |a Restaurant and Hotel Guide |
| 246 | 1 | 3 | |a Trend top reštaurácie a hotely ... |f 2004-2010 |
| 246 | 1 | 3 | |a Trend top |f 2011- |
| 260 | |a Bratislava |b Trend Holding |c [2001]- | ||
| 300 | |a zv. |b obr. |c 21 cm | ||
| 310 | |a 1x ročne | ||
| 362 | 0 | |a [2002]- | |
| 500 | |a Súčasťou podnázvu je označenie bežného roku | ||
| 500 | |a Popis podľa: R. 2003 (vydané v r. 2002) | ||
| 500 | |a Zost. : 2004-2007, 2010, Oliver Brunovský, 2004-, Daniela Hovorková ; 2007-2010, Jarmila Horváthová | ||
| 500 | |a Podnázov: 2004-2010, 2012, hodnotenia, rebríčky, komentáre ; 2011-, reštaurácie a hotely | ||
| 500 | |a Súčasťou názvu je označenie bežného roku | ||
| 500 | |a Názov z obalu | ||
| 546 | |a Súbež. text angl. | ||
| 650 | 0 | 7 | |a hotely |2 SNKPH |9 18422 |
| 650 | 0 | 7 | |a Hotels |2 SNKPHeng |9 266333 |
| 650 | 0 | 7 | |a reštaurácie |2 SNKPH |9 23080 |
| 650 | 0 | 7 | |a Restaurants |2 SNKPHeng |9 268009 |
| 651 | 7 | |a Slovensko |2 SNKPH |9 14231 | |
| 651 | 7 | |a Slovakia |2 SNKPHeng |9 92630 | |
| 655 | 7 | |a informačné publikácie |2 SNKPH |9 70181 | |
| 655 | 7 | |a Information publications |2 SNKPHeng |9 265188 | |
| 655 | 7 | |a Guidebooks |2 SNKPHeng |9 268010 | |
| 655 | 7 | |a katalógy |2 SNKPH |9 60821 | |
| 700 | 1 | |a Brunovský, Oliver, |d 1959- |4 com |9 83239 | |
| 700 | 1 | |a Hovorková, Daniela |4 com |9 275258 | |
| 700 | 1 | |a Horváthová, Jarmila |c (redaktorka) |4 com |9 227530 | |
| 910 | |a snk | ||
| 919 | |a 80-968853-1-6 | ||
| 919 | |a 80-968853-4-0 | ||
| 919 | |a 80-968853-5-9 | ||
| 919 | |a 978-80-968853-6-7 | ||
| 919 | |a 978-80-89357-01-7 | ||
| 919 | |a 80-968853-0-8 | ||
| 919 | |a 80-968853-2-4 | ||
| 919 | |a 978-80-89357-02-4 | ||
| 919 | |a 978-80-89357-05-5 | ||
| 919 | |a 978-80-89357-07-9 | ||
| 999 | |c 12232 |d 14162 | ||
| 952 | |a SNK |b SNK |y PREZ |7 0 |p 17A0488630 |o snkČSD 2375/2006 |i snk2006/4155 |8 0 |z Vydané v r. 2005 |0 0 |1 0 |4 0 |d 2006-02-27 |l 0 |r 2026-02-21 19:46:54 |w 2026-02-21 | ||
| 952 | |a SNK |b SNK |y PREZ |7 0 |p 17A0488631 |o snkČSD 2375/2006 D1 |i snk2006/4156 |8 0 |0 0 |1 0 |4 0 |d 2006-02-27 |l 0 |r 2026-02-21 19:46:54 |w 2026-02-21 | ||
| 952 | |a SNK |b SNK |y PREZ |7 0 |p 17A1462333 |o snkČSD 2375/2012 D1 |i snk2022/9990 |8 1 |z Vydané v r. 2011 |0 0 |1 0 |4 0 |d 2022-06-16 |l 0 |r 2026-02-21 20:00:44 |w 2026-02-21 | ||
| 952 | |a SNK |b SNK |y PREZ |7 0 |p 17A0524449 |o snkČSD 2375/2004 |i snk2006/22874 |8 0 |z Vydané v r. 2003 |0 0 |1 0 |4 0 |d 2006-11-06 |l 0 |r 2026-02-21 20:05:01 |w 2026-02-21 | ||
| 952 | |a SNK |b SNK |y PREZ |7 0 |p 17A0524450 |o snkČSD 2375/2004 D1 |i snk2006/22875 |8 0 |0 0 |1 0 |4 0 |d 2006-11-06 |l 0 |r 2026-02-21 20:05:01 |w 2026-02-21 | ||
| 952 | |a SNK |b SNK |y PREZ |7 0 |p 17A0534122 |o snkČSD 2375/2007 |i snk2007/3381 |8 0 |z Vydané v r. 2006 |0 0 |1 0 |4 0 |d 2007-02-06 |l 0 |r 2026-02-21 20:19:52 |w 2026-02-21 | ||
| 952 | |a SNK |b SNK |y PREZ |7 0 |p 17A0534123 |o snkČSD 2375/2007 D1 |i snk2007/3382 |8 0 |0 0 |1 0 |4 0 |d 2007-02-06 |l 0 |r 2026-02-21 20:19:52 |w 2026-02-21 | ||
| 952 | |a SNK |b SNK |y PREZ |7 0 |p 17A0574364 |o snkČSD 2375/2008 |i snk2008/2376 |8 0 |z Vydané v r. 2007 |0 0 |1 0 |4 0 |d 2008-01-29 |l 0 |r 2026-02-21 20:28:37 |w 2026-02-21 | ||
| 952 | |a SNK |b SNK |y PREZ |7 0 |p 17A0574365 |o snkČSD 2375/2008 D1 |i snk2008/2377 |8 0 |0 0 |1 0 |4 0 |d 2008-01-29 |l 0 |r 2026-02-21 20:28:37 |w 2026-02-21 | ||
| 952 | |a SNK |b SNK |y PREZ |7 0 |p 17A0453514 |o snkČSD 2375/2005 |i snkKSP 15482/2004 |z Vydané v r. 2004 |0 0 |1 0 |4 0 |d 2004-12-08 |l 0 |r 2005-01-02 00:00:00 |w 2026-02-21 | ||
| 952 | |a SNK |b SNK |y PREZ |7 0 |p 17A0453515 |o snkČSD 2375/2005 D1 |i snkKSP 15483/2004 |z Vydané v r. 2004 |0 0 |1 0 |4 0 |d 2004-12-08 |l 0 |r 2005-01-02 00:00:00 |w 2026-02-21 | ||
| 952 | |a SNK |b SNK |y PREZ |7 0 |p 17A1462330 |o snkČSD 2375/2009 D1 |i snk2022/9987 |8 1 |z Vydané v r. 2008 |0 0 |1 0 |4 0 |d 2022-06-16 |l 0 |r 2026-02-21 21:22:14 |w 2026-02-21 | ||
| 952 | |a SNK |b SNK |y PREZ |7 0 |p 17A1462331 |o snkČSD 2375/2010 D1 |i snk2022/9988 |8 1 |z Vydané v r. 2009 |0 0 |1 0 |4 0 |d 2022-06-16 |l 0 |r 2026-02-21 21:22:14 |w 2026-02-21 | ||
| 952 | |a SNK |b SNK |y PREZ |7 0 |p 17A1462332 |o snkČSD 2375/2011 D1 |i snk2022/9989 |8 1 |z Vydané v r. 2011 |0 0 |1 0 |4 0 |d 2022-06-16 |l 0 |r 2026-02-21 21:22:14 |w 2026-02-21 | ||
| 952 | |a SNK |b SNK |y PREZ |7 0 |p 17A0391318 |o snkČSD 2375/2003 |i snkKSP 8549/2003 |z Vydané v r. 2002 |0 0 |1 0 |4 0 |d 2003-07-11 |l 0 |r 2005-01-02 00:00:00 |w 2026-02-21 | ||
| 952 | |a SNK |b SNK |y PREZ |7 0 |p 17A0393984 |o snkČSD 2375/2003 D1 |i snkKSP 10245/2003 |z Vydané v r. 2002 |0 0 |1 0 |4 0 |d 2003-08-14 |l 0 |r 2005-01-02 00:00:00 |w 2026-02-21 | ||
| 952 | |a SNK |b SNK |y PREZ |7 0 |p 17A1325721 |o snkČSD 2375/2009 |i snk2018/18459 |8 0 |z Vydané v r. 2008 |0 0 |1 0 |4 0 |d 2018-09-12 |l 0 |r 2026-02-21 22:27:21 |w 2026-02-21 | ||
| 952 | |a SNK |b SNK |y PREZ |7 0 |p 17A1325724 |o snkČSD 2375/2011 |i snk2018/18460 |8 0 |z Vydané v r. 2010 |0 0 |1 0 |4 0 |d 2018-09-12 |l 0 |r 2026-02-21 22:27:21 |w 2026-02-21 | ||
| 952 | |a SNK |b SNK |y PREZ |7 0 |p 17A1325723 |o snkČSD 2375/2010 |i snk2018/18462 |8 0 |z Vydané v r. 2009 |0 0 |1 0 |4 0 |d 2018-09-12 |l 0 |r 2026-02-21 22:27:21 |w 2026-02-21 | ||
| 952 | |a SNK |b SNK |y PREZ |7 0 |p 17A1325725 |o snkČSD 2375/2012 |i snk2018/18464 |8 0 |z Vydané v r. 2011 |0 0 |1 0 |4 0 |d 2018-09-12 |l 0 |r 2026-02-21 22:27:21 |w 2026-02-21 | ||


